LEADER 02361nam0 2200361 450 001 000008297 005 20220616132309.0 012 $an-us eea- a.ut yala (3) 1719 (A)$2fei$5UNIPARTHENOPE 100 $a20070928d1719----km-y0itay50------ba 101 0 $afre 102 $aAT 140 $acf--ijl-e--------yyybb1001-- 141 $aaf-u0gg-$5UNIPARTHENOPE-------------------------------------------------------------- 200 1 $aDescription de l'Isle de Sicile, et des ses cotes maritimes, avec les plans de toutes ses forteresses nouvellement tires, selon l'etat ou elles se trouvent presentement$f[Pierre del Callejo y Angulo] 210 $aVienne d'Autriche$cChez Jean Van Ghelen$d1719 215 $a26, [2] p., [14] c. di tav.$cill.$dfol. 304 $aIl nome dell'autore si ricava dall'introduzione: c. A2v 307 $aFregio xil. sul front. 307 $aSegn.: A-G2. - La c. G2 bianca. 316 $aLegatura in mezza pergamena su piatti di cartone (32x22x2 cm); dorso con tit. impresso in oro, ivi, inoltre, etichette con antiche segnature; macchie di umidità$5UNIPARTHENOPE 317 $aSulla controg. ant. antiche segnature mss.: 10°-A-1068 [n.i.]; 4-H: [n.i.]; I-BI-1: [n.i.]; ex libris della Reale Biblioteca di Marina; infine nn. mss. [n.i.]: 1068, 419; sul r. della c. di g. ant.: 12L-IV-5 [n.i.]; sul front.: Class XI Ingress n. 3 del Registro inventario della Regia Marina Biblioteca dipartimentale di Napoli; timbro A della Reale Biblioteca di Marina: su tutte le c.; timbro B della stessa: front., G1v; timbro della Reale Accademia di Marina: front.$5UNIPARTHENOPE 318 $aRestauro$cOttobre 2009$5UNIPARTHENOPE 327 1 $aLe immagini digitalizzate del front. e della c. A2 sono disponibili sull\2019OPAC della BNCF 620 $aAustria$dVienna 676 $a914.58$v21$9GEOGRAFIA. SICILIA E ISOLE ADIACENTI 700 1$aCallejo Y Angulo,$bPierre : Del$4070$0630650 712 02$aGhelen,$bJohann : van$4650 712 02$aDue Sicilie : Ministero della guerra e della marina$4390 801 0$aIT$bUNIPARTHENOPE$c20070928$gRICA$2UNIMARC 912 $a000008297 951 $aBORB-M-17$b4195$cFB$d2007 996 $aDescription de l'Isle de Sicile, et des ses cotes maritimes, avec les plans de toutes ses forteresses nouvellement tires, selon l'etat ou elles se trouvent presentement$91204440 997 $aUNIPARTHENOPE LEADER 01148nam a22002891i 4500 001 991001028809707536 005 20021113152057.0 008 021113s1977 it a||||||||||||||||eng 035 $ab12089746-39ule_inst 035 $aARCHE-017954$9ExL 040 $aDip.to Filologia Ling. e Lett.$bita$cA.t.i. Arché s.c.r.l. Pandora Sicilia s.r.l. 082 04$a827.5 100 1 $aSwift, Jonathan$0154535 245 14$aUna modesta proposta e altre satire /$cJonathan Swift ; introduzione di Attilio Brilli ; traduzioni di Bruno Armellin, Franco Marucci, Salvatore Rosati 260 $aMilano :$bBiblioteca universale Rizzoli,$c1977 300 $a157 p. :$bill. ;$c18 cm 490 0 $aBUR.$pL 500 $aTesto inglese a fronte 700 1 $aMarucci, Franco 700 1 $aRosati, Salvatore 700 1 $aArmallin, Bruno 907 $a.b12089746$b28-04-17$c01-04-03 912 $a991001028809707536 945 $aLE008 FL.M. (IN) L 87$g1$i2008000178659$lle008$o-$pE0.00$q-$rl$s- $t0$u0$v0$w0$x0$y.i1239029x$z01-04-03 996 $aModesta proposta e altre satire$9141129 997 $aUNISALENTO 998 $ale008$b01-04-03$cm$da $e-$feng$git $h4$i1 LEADER 04551nam 2200589Ia 450 001 9911006673403321 005 20200520144314.0 010 $a1-282-01372-6 010 $a1-282-75511-0 010 $a9786612013720 010 $a9786612755118 010 $a0-08-094632-1 010 $a0-8155-1673-8 035 $a(CKB)111056552537458 035 $a(EBL)365582 035 $a(OCoLC)700680850 035 $a(MiAaPQ)EBC365582 035 $a(MiAaPQ)EBC4053709 035 $a(EXLCZ)99111056552537458 100 $a19890808d1996 uy 0 101 0 $aeng 135 $aur|n|---||||| 181 $ctxt$2rdacontent 182 $cc$2rdamedia 183 $acr$2rdacarrier 200 10$aCosmetic and toiletry formulations$hVolume 5 /$fby Ernest W. Flick 205 $a2nd ed. 210 $aPark Ridge, N.J. $cNoyes$d1996 215 $a1 online resource (673 p.) 300 $aIncludes indexes. 311 $a0-8155-1395-X 327 $aFront Cover; Cosmetic and Toiletry Formulations, Volume 5; Copyright Page; Contents and Subject Index; SECTION I: ANTIPERSPIRANTS AND DEODORANTS; Antiperspirant Cream; Antiperspirant Roll-On; Antiperspirant Cream O/W; Antiperspirant Cream O/W Transparent, in Gel Form; Perfumed Cream O/W Transparent, in Gel Form; Antiperspirant Roll-On; Antiperspirant Stick; Clear Antiperspirant Stick; Antiperspirant Roll-On; Deodorant Emulsion O/W for Roll-On; Antiperspirant Emulsion O/W, Liquid (Roll-On); Antiperspirant Emulsion O/W (Roll-On); Deodorant Lotion Clear (Roll-On) 327 $aDeodorant Antiperspirant Lotion, Clear (Roll-On)Antiperspirant Lotion; Antiperspirant Lotion (Without Alcohol); Deodorant Spray Aerosol-Packed; Antiperspirant Spray Aerosol-Packed; Deodorant, Antiperspirant Spray, Aerosol-Packed; Deodorant Stick; Deodorant Stick Without Alcohol; Deodorant Stick; Deodorant Stick Formulation; SECTION II: BABY PRODUCTS; Baby Cream Soft; Baby Cream; Baby Lotion; Baby Shampoo; Baby Bath; Bubble Bath for Babies and Children, Clear, Liquid; Bubble Bath for Babies and Children, Liquid; Care Bath for Babies and Children; Bubble Bath for Babies and Children, Pearly 327 $aCare Bath for Babies and Children, PearlyCream for Babies and Children O/W; Cream for Babies and Children, Anhydrous; Cream for Babies and Children W/O; Vulnerary Cream for Children W/O; Baby Cream O/W; Emulsion for Babies and Children O/W; Oil for Babies and Children; Vulnerary Stick for Babies and Children; Shampoo for Babies and Children; Shampoo for Children, with Ampholyte, Pearly; Shampoo for Babies and Children, Pearly; Shampoo for Babies and Children, Clear; Shampoo for Babies and Children, with Vitamin; Shampoo for Babies and Children, with Vitamin E; Baby Shampoo, Pearly 327 $aShampoo for Babies and Children, PearlyShampoo for Babies and Children, with Ampholyte, Pearly; Shampoo for Babies and Children, Clear; SECTION III: BATH AND SHOWER PRODUCTS; Bath Oil Emulsion; Bath Milk Emulsion; Bath Oil; Bath Oil, Liquid; Bath Oil, Spreading; Bubble-Bath; Bubble-Bath; Special Bath; Bubble-Bath, Clear; Bubble Bath, Clear, Liquid with Protein; Bubble Bath, Clear, Liquid; Bubble Bath, Clear, Especially Skin Compatible; Bubble Bath, Clear, with Ethereal Oil; Bubble Bath, Clear, Liquid; Vitamin Bubble Bath, Clear, Liquid; Bubble Bath, Clear, Liquid 327 $aAlgae Bubble Bath, Clear, LiquidBubble Bath; Bubble Bath, Clear, in Gel Form; Bubble Bath, Opaque, in Gel Form; Bubble Bath, Cloudy, Liquid; Bubble Bath Oil for Babies and Children; Bath Oil for Babies and Children; Powder for Babies and Children; Bubble Bath, Pearly Liquid; Bubble Bath with Whey Additive, Pearly; Bubble Bath in Powder Fom; Bubble Bath in Tablet Form with Formation of Carbonic Acid; Alpha Hydroxy Acid Lotion; Facial Moisturizing Lotion; Bubble Bath Oil, Clear, Liquid; Bubble Bath Oil, Anhydrous, Clear, Liquid; Bubble Bath Oil, Anhydrous, Clear; Rosemary Oil Bubble Bath 327 $aCare-Shower-Bath 330 $aMore than 1,400 cosmetics and toiletry formulations are detailed in this well-received and useful book. It is based on information obtained from industrial suppliers. 606 $aCosmetics 606 $aToilet preparations 615 0$aCosmetics. 615 0$aToilet preparations. 676 $a668.55 676 $a668/.55 700 $aFlick$b Ernest W$020511 801 0$bMiAaPQ 801 1$bMiAaPQ 801 2$bMiAaPQ 906 $aBOOK 912 $a9911006673403321 996 $aCosmetic and toiletry formulations$94388242 997 $aUNINA